| 000 | 00937cam a2200253 a 4500 | ||
|---|---|---|---|
| 999 |
_c128324 _d128324 |
||
| 001 | 633294 | ||
| 003 | ARRUPE | ||
| 005 | 20181008114014.0 | ||
| 008 | 930813s1993 mau 000 0 eng | ||
| 010 | _a 93006448 | ||
| 020 |
_a0819858889 : _c$5.95 |
||
| 040 |
_aDLC _cDLC _dDLC |
||
| 041 | 1 |
_aeng _hita |
|
| 050 | 0 | 0 |
_aBX2185 _b.M33713 1993 |
| 082 | 0 | 0 |
_a242 _220 |
| 100 | 1 |
_aMartini, Carlo Maria, _d1927-2012. _91397 |
|
| 245 | 1 | 0 |
_aPilgrims, not strangers : _bChristian witness in a broken world / _cby Carlo Maria Martini ; translated by Mary James Berger. |
| 260 |
_aBoston, MA : _bSt. Paul Books & Media, _cc1993. |
||
| 300 |
_a141 p. ; _c21 cm. |
||
| 650 | 0 |
_aMeditations. _942790 |
|
| 906 |
_a7 _bcbc _corignew _d1 _eocip _f19 _gy-gencatlg |
||
| 942 |
_2lcc _cMONOGRAPH |
||